000 01146cab a2200229 4500
001 ABS67383
008 040106n2003 000 0 eng u
035 _a(Sirsi) u124726
100 _aCarroll, N.
245 4 _aThe rise and fall of Prescott's housing plan
260 _c2003
490 _aMunicipal Journal
_v4 December 2003, 14-15(2)
520 _aPresents progress reports on two aspects of the Sustainable Communities Plan. The first report looks at how well the controversial plan to build 200 000 homes in southeast England is progressing. It reviews the four designated growth areas and provides an update on delivery mechanisms, in particular the establishment of urban development corporations. The second report examines the local reaction to the nine market renewal pathfinders, which spearhead the government's housing market renewal programme.
590 _aABS
650 _aSUSTAINABLE COMMUNITIES: BUILDING FOR THE FUTURE
650 _aURBAN DEVELOPMENT CORPORATIONS
650 _aMARKET RENEWAL PATHFINDER AREAS
650 _aPATHFINDER SCHEMES
690 _aREGENERATION
700 _aBlackman, D.
942 _n0
999 _c74024
_d74024